[Event "Madrid-ch final"]
[Site "Madrid"]
[Date "2015.05.27"]
[Round "1"]
[White "Tejedor Ariza, Francisco"]
[Black "Rubio Mejia, Luis Ignacio"]
[Result "1/2-1/2"]
[WhiteElo "2077"]
[BlackElo "2458"]
[PlyCount "82"]
[EventDate "2015.05.27"]
[EventType "k.o."]
[EventRounds "4"]
[EventCountry "ESP"]
[SourceTitle "EXT 2018"]
[Source "ChessBase"]
[SourceDate "2017.10.13"]
[SourceVersion "1"]
[SourceVersionDate "2017.10.13"]
[SourceQuality "1"]

1. e4 c5 2. Nf3 e6 3. d4 cxd4 4. Nxd4 Nc6 5. Nc3 Qc7 6. Be3 a6 7. Nxc6 bxc6 8. Bd3 Nf6 9. f4 d5 10. e5 Nd7 11. 0-0 c5 12. Na4 Bb7 13. c3 Be7 14. b3 g6 15. Be2 0-0 16. Bf3 Rfd8 17. Qc2 c4 18. Qf2 cxb3 19. axb3 Rdc8 20. Rfc1 Bc6 21. c4 Qb7 22. cxd5 Bxd5 23. Bxd5 Rxc1+ 24. Rxc1 Qxd5 25. Qf3 Qxf3 26. gxf3 Bb4 27. Rd1 Nf8 28. Bc5 Bxc5+ 29. Nxc5 Rb8 30. Kf2 Kg7 31. Rd3 a5 32. Ke3 h6 33. h4 Rb5 34. Ne4 Nh7 35. Nd6 Rb4 36. Ne4 a4 37. bxa4 Rxa4 38. Rd7 Ra8 39. Kf2 Nf8 40. Re7 Nh7 41. Nd6 Rf8 1/2-1/2

[Event "Madrid-ch sf-A"]
[Site "Madrid"]
[Date "2015.03.17"]
[Round "5"]
[White "Blanco Sanchez, Jose Fernando"]
[Black "Tejedor Ariza, Francisco"]
[Result "1/2-1/2"]
[WhiteElo "2062"]
[BlackElo "2032"]
[PlyCount "86"]
[EventDate "2015.03.09"]
[EventType "swiss"]
[EventRounds "9"]
[EventCountry "ESP"]
[SourceTitle "CBM 165 Extra"]
[Source "ChessBase"]
[SourceDate "2015.04.21"]
[SourceVersion "1"]
[SourceVersionDate "2015.04.21"]
[SourceQuality "1"]

1. e4 g6 2. d4 d6 3. c4 Nf6 4. Nc3 Bg7 5. f4 0-0 6. Nf3 c5 7. dxc5 Qa5 8. Bd3 Qxc5 9. Qe2 Bg4 10. Be3 Qa5 11. 0-0 Nc6 12. a3 Nd7 13. b4 Qd8 14. Rac1 Nd4 15. Qf2 Bxf3 16. Bxd4 e5 17. Be3 Bh5 18. f5 g5 19. Nd5 f6 20. Bxa7 Bf7 21. Nb6 Nc5 22. bxc5 Rxa7 23. cxd6 Qxd6 24. Nd5 Rxa3 25. c5 Qd7 26. Rfd1 Bxd5 27. Bc4 Kh8 28. Bxd5 Qc7 29. Qb2 Ra7 30. Be6 Rd8 31. Qb6 Rxd1+ 32. Rxd1 Qxb6 33. cxb6 Ra8 34. Rd7 Rb8 35. Bd5 Bf8 36. Bxb7 Bc5+ 37. Kf1 Bxb6 38. Ke2 h5 39. Rf7 Bg1 40. h3 h4 41. Kd3 Rd8+ 42. Bd5 Rd6 43. Kc4 Be3 1/2-1/2

[Event "Madrid-ch sf-A"]
[Site "Madrid"]
[Date "2015.03.16"]
[Round "4"]
[White "Tejedor Ariza, Francisco"]
[Black "Plazuelo Pascual, Juan"]
[Result "1/2-1/2"]
[WhiteElo "2032"]
[BlackElo "2162"]
[PlyCount "74"]
[EventDate "2015.03.09"]
[EventType "swiss"]
[EventRounds "9"]
[EventCountry "ESP"]
[SourceTitle "CBM 165 Extra"]
[Source "ChessBase"]
[SourceDate "2015.04.21"]
[SourceVersion "1"]
[SourceVersionDate "2015.04.21"]
[SourceQuality "1"]

1. g3 e5 2. Bg2 d5 3. d3 c6 4. Nf3 Bd6 5. 0-0 Nf6 6. Nbd2 0-0 7. h3 e4 8. dxe4 dxe4 9. Ng5 e3 10. Nde4 Nxe4 11. Nxe4 exf2+ 12. Kh2 Be5 13. Qxd8 Rxd8 14. Nxf2 Re8 15. e4 Be6 16. Nd3 Bc4 17. Rd1 Bxd3 18. Rxd3 Na6 19. c3 Nc5 20. Rd1 Bf6 21. Re1 a6 22. Bf4 Rad8 23. Re2 g5 24. Bc7 Rd7 25. Bb6 Na4 26. Be3 h6 27. Rf1 Be5 28. Bf3 Rd3 29. Bh5 Re7 30. Bf2 Red7 31. Be1 Nb6 32. Rf3 Rxf3 33. Bxf3 Rd3 34. Kg2 Nc4 35. Bf2 b5 36. Rc2 a5 37. Be2 Rd7 1/2-1/2

[Event "Madrid-ch sf-A"]
[Site "Madrid"]
[Date "2015.03.09"]
[Round "1"]
[White "Perez Cameselle, Francisco Jose"]
[Black "Tejedor Ariza, Francisco"]
[Result "0-1"]
[WhiteElo "1862"]
[BlackElo "2032"]
[PlyCount "60"]
[EventDate "2015.03.09"]
[EventType "swiss"]
[EventRounds "9"]
[EventCountry "ESP"]
[SourceTitle "CBM 165 Extra"]
[Source "ChessBase"]
[SourceDate "2015.04.21"]
[SourceVersion "1"]
[SourceVersionDate "2015.04.21"]
[SourceQuality "1"]

1. Nf3 c5 2. g3 Nc6 3. Bg2 e5 4. d3 d6 5. Nc3 Nge7 6. e4 f6 7. 0-0 Be6 8. Be3 Qd7 9. Nd2 0-0-0 10. Nd5 h5 11. h4 Bg4 12. f3 Bh3 13. c3 Nxd5 14. exd5 Ne7 15. c4 Bxg2 16. Kxg2 Nf5 17. Bf2 g5 18. Ne4 Be7 19. Kh2 Rdg8 20. Qd2 Nh6 21. Be3 Nf7 22. hxg5 f5 23. Nf6 Bxf6 24. gxf6 h4 25. g4 fxg4 26. fxg4 Rxg4 27. Bf2 Ng5 28. Qe3 Rg3 29. Bxg3 Qh3+ 30. Kg1 hxg3 0-1

[Event "Cullera op 13th"]
[Site "Cullera"]
[Date "2010.07.29"]
[Round "5"]
[White "Tejedor Ariza, Francisco"]
[Black "Arauz Alonso, Fernando"]
[Result "1/2-1/2"]
[WhiteElo "2107"]
[BlackElo "2124"]
[PlyCount "32"]
[EventDate "2010.07.26"]
[EventType "swiss"]
[EventRounds "9"]
[EventCountry "ESP"]
[SourceTitle "CBM 137 Extra"]
[Source "ChessBase"]
[SourceDate "2010.09.01"]
[SourceVersion "1"]
[SourceVersionDate "2010.09.01"]
[SourceQuality "1"]

1. e4 c6 2. g3 d5 3. Bg2 dxe4 4. Bxe4 Nf6 5. Bg2 Bf5 6. d3 e6 7. Ne2 a6 8. Nbc3 Nbd7 9. 0-0 Bc5 10. Ne4 Be7 11. b3 0-0 12. Bb2 Re8 13. N2c3 Nc5 14. Nxc5 Bxc5 15. Ne4 Bxe4 16. Bxe4 Qe7 1/2-1/2

[Event "Cullera op 13th"]
[Site "Cullera"]
[Date "2010.07.26"]
[Round "1"]
[White "Tejedor Ariza, Francisco"]
[Black "Sala Espi, Antonio"]
[Result "1-0"]
[WhiteElo "2107"]
[BlackElo "1688"]
[PlyCount "89"]
[EventDate "2010.07.26"]
[EventType "swiss"]
[EventRounds "9"]
[EventCountry "ESP"]
[SourceTitle "CBM 137 Extra"]
[Source "ChessBase"]
[SourceDate "2010.09.01"]
[SourceVersion "1"]
[SourceVersionDate "2010.09.01"]
[SourceQuality "1"]

1. e4 c5 2. Nf3 d6 3. c3 Nf6 4. Be2 Nc6 5. d3 g6 6. h3 Bg7 7. Be3 0-0 8. 0-0 a6 9. a4 b6 10. Qd2 Re8 11. Na3 Na5 12. Rad1 Bd7 13. Qc2 b5 14. b4 Nb7 15. a5 Rc8 16. Qd2 Bc6 17. Nh2 Nxa5 18. bxa5 Qxa5 19. Nc2 Bxe4 20. Ra1 Qc7 21. dxe4 Nxe4 22. Qd3 Nxc3 23. Rxa6 b4 24. Bd2 c4 25. Qf3 Nxe2+ 26. Qxe2 b3 27. Ba5 Qb7 28. Nb4 c3 29. Rb6 Qa8 30. Ra6 Qb7 31. Rb1 c2 32. Nxc2 Rxc2 33. Qd3 Rec8 34. Rxb3 Rc1+ 35. Nf1 Qd7 36. Bd2 R1c7 37. Ne3 Ra7 38. Rab6 Ra1+ 39. Kh2 Be5+ 40. g3 Kg7 41. f4 Rca8 42. fxe5 Rh1+ 43. Kxh1 Qxh3+ 44. Kg1 Qxg3+ 45. Kf1 1-0

[Event "Madrid-ch U18 0910"]
[Site "Madrid"]
[Date "2010.01.03"]
[Round "7"]
[White "Tejedor Ariza, Francisco"]
[Black "Madurga Lopez, Ignacio"]
[Result "0-1"]
[WhiteElo "2124"]
[BlackElo "1903"]
[PlyCount "62"]
[EventDate "2009.12.26"]
[EventType "swiss"]
[EventRounds "7"]
[EventCountry "ESP"]
[SourceTitle "CBM 134 Extra"]
[Source "ChessBase"]
[SourceDate "2010.03.03"]
[SourceVersion "1"]
[SourceVersionDate "2010.03.03"]
[SourceQuality "1"]

1. e4 c5 2. Nf3 d6 3. Qe2 Nc6 4. g3 e5 5. c3 g6 6. Bg2 Bg7 7. d3 Nge7 8. 0-0 0-0 9. Be3 h6 10. Nbd2 f5 11. Nb3 f4 12. Bd2 g5 13. d4 g4 14. Qc4+ Kh7 15. Nh4 f3 16. Bh1 exd4 17. cxd4 Bxd4 18. Bf4 Bxb2 19. Rad1 Be5 20. Be3 Qe8 21. Qc1 Qh5 22. h3 gxh3 23. Nxf3 Rxf3 24. Kh2 Ng8 25. Bf4 Qg4 26. Nd2 Rxf4 27. f3 Qg7 28. Nc4 Rxe4 29. Nxe5 Re2+ 30. Rf2 Rxf2+ 31. Kg1 Qxg3+ 0-1

[Event "Madrid-ch U18 0910"]
[Site "Madrid"]
[Date "2010.01.02"]
[Round "6"]
[White "Gemy Vargas, Jose Daniel"]
[Black "Tejedor Ariza, Francisco"]
[Result "1-0"]
[WhiteElo "2187"]
[BlackElo "2124"]
[PlyCount "51"]
[EventDate "2009.12.26"]
[EventType "swiss"]
[EventRounds "7"]
[EventCountry "ESP"]
[SourceTitle "CBM 134 Extra"]
[Source "ChessBase"]
[SourceDate "2010.03.03"]
[SourceVersion "1"]
[SourceVersionDate "2010.03.03"]
[SourceQuality "1"]

1. d4 d5 2. c4 e6 3. Nc3 Nf6 4. Qc2 c6 5. Nf3 Bd6 6. Bg5 Nbd7 7. e3 0-0 8. Bd3 h6 9. h4 dxc4 10. Bxc4 Re8 11. Bxf6 Qxf6 12. Ne4 Bb4+ 13. Ke2 Qd8 14. a3 Be7 15. g4 Nf8 16. Rag1 b5 17. Ba2 Bb7 18. g5 h5 19. g6 f6 20. Ng3 Rc8 21. b4 a5 22. Nxh5 axb4 23. Nxg7 Bd6 24. Nxe8 Qxe8 25. g7 Nh7 26. Qf5 1-0

[Event "Madrid-ch U18 0910"]
[Site "Madrid"]
[Date "2009.12.30"]
[Round "5"]
[White "Adan Bermudez, Sergio"]
[Black "Tejedor Ariza, Francisco"]
[Result "1-0"]
[WhiteElo "2277"]
[BlackElo "2124"]
[PlyCount "89"]
[EventDate "2009.12.26"]
[EventType "swiss"]
[EventRounds "7"]
[EventCountry "ESP"]
[SourceTitle "CBM 134 Extra"]
[Source "ChessBase"]
[SourceDate "2010.03.03"]
[SourceVersion "1"]
[SourceVersionDate "2010.03.03"]
[SourceQuality "1"]

1. c4 e5 2. g3 Nf6 3. Bg2 c6 4. a3 d5 5. cxd5 cxd5 6. d4 exd4 7. Nf3 Nc6 8. Nxd4 Be7 9. 0-0 0-0 10. Nc3 Be6 11. Bf4 Rc8 12. Rc1 a6 13. Na4 Nxd4 14. Qxd4 Qa5 15. Bd2 Qb5 16. e3 Rc4 17. Rxc4 dxc4 18. Nc3 Qb3 19. Ne2 Rd8 20. Qc3 Qxc3 21. Bxc3 Bd5 22. f3 Bc6 23. Bd4 Nd7 24. Rc1 b5 25. Bc3 Nc5 26. Nd4 Bb7 27. Bb4 Bf8 28. Bf1 Ne6 29. Nxe6 fxe6 30. Ba5 Rd7 31. Be2 Bc5 32. Kf2 Ba7 33. Rd1 Rxd1 34. Bxd1 Kf7 35. g4 e5 36. Bc2 h6 37. Bc7 Kf6 38. h4 Bc5 39. Ba5 g5 40. h5 Bc8 41. Be4 Ke7 42. Ke2 Kd6 43. Bd8 c3 44. b4 Ba7 45. Bxg5 1-0

[Event "Madrid Low cost Cup"]
[Site "Madrid"]
[Date "2009.08.10"]
[Round "5"]
[White "Gormaz Lietor, Andres Miguel"]
[Black "Tejedor Ariza, Francisco"]
[Result "0-1"]
[WhiteElo "1825"]
[BlackElo "2170"]
[PlyCount "76"]
[EventDate "2009.08.03"]
[EventType "swiss"]
[EventRounds "8"]
[EventCountry "ESP"]
[SourceTitle "CBM 131 Extra"]
[Source "ChessBase"]
[SourceDate "2009.09.03"]
[SourceVersion "2"]
[SourceVersionDate "2009.09.16"]
[SourceQuality "1"]

1. d4 Nf6 2. c4 e6 3. Nc3 b6 4. Nf3 Bb7 5. Bf4 Bb4 6. Rc1 Ne4 7. Bd2 Bxc3 8. Bxc3 0-0 9. e3 f5 10. Be2 d6 11. 0-0 Nd7 12. d5 e5 13. b4 a5 14. a3 g5 15. Qc2 Ndf6 16. Ba1 g4 17. Nd2 Nxd2 18. Qxd2 Ne4 19. Qc2 Qg5 20. f4 gxf3 21. Rxf3 Kh8 22. Bd3 Rg8 23. Rcf1 Bc8 24. Bxe4 fxe4 25. Rg3 Qh4 26. Rxg8+ Kxg8 27. g3 Qg4 28. Qf2 Qg6 29. c5 Bg4 30. cxb6 cxb6 31. b5 Rc8 32. Qd2 Qe8 33. a4 Rc4 34. Rc1 Rxa4 35. Qc2 Ra3 36. Qc7 Qf8 37. Qxb6 Bh3 38. Qa7 Ra2 0-1

[Event "Madrid-ch sf-A"]
[Site "Madrid"]
[Date "2009.01.20"]
[Round "5"]
[White "De la Fuente Gonzalez, Francisco"]
[Black "Tejedor Ariza, Francisco"]
[Result "0-1"]
[WhiteElo "2176"]
[BlackElo "2089"]
[PlyCount "148"]
[EventDate "2009.01.12"]
[EventType "swiss"]
[EventRounds "9"]
[EventCountry "ESP"]
[SourceTitle "CBM 128 Extra"]
[Source "ChessBase"]
[SourceDate "2009.03.05"]
[SourceVersion "2"]
[SourceVersionDate "2009.03.25"]
[SourceQuality "1"]

1. c4 c6 2. Nf3 d5 3. b3 Nf6 4. g3 g6 5. Bg2 Bg7 6. d4 0-0 7. Nc3 Nbd7 8. cxd5 Nxd5 9. Nxd5 cxd5 10. Bf4 Nf6 11. 0-0 Bf5 12. Rc1 Rc8 13. Qd2 Qb6 14. Ne5 Rxc1 15. Rxc1 Rc8 16. Rxc8+ Bxc8 17. Qc3 Be6 18. Qc5 Qxc5 19. dxc5 Nh5 20. Nd3 Bc3 21. Be5 Bxe5 22. Nxe5 Nf6 23. c6 Bc8 24. b4 Kf8 25. b5 e6 26. f3 Ke7 27. Kf2 Ne8 28. e4 f6 29. cxb7 Bxb7 30. Nd3 Kd6 31. Ke3 Nc7 32. a4 e5 33. Bh3 d4+ 34. Kd2 Na8 35. Kc2 Nb6 36. Kb3 Bc8 37. Bxc8 Nxc8 38. a5 g5 39. Kc4 Ne7 40. Nb4 f5 41. g4 f4 42. a6 Nc8 43. Nd5 Kd7 44. Nf6+ Kc7 45. Nxh7 Nd6+ 46. Kd3 Nf7 47. Kc4 Kb6 48. Nf6 Nd6+ 49. Kb4 Nxb5 50. Nd7+ Kxa6 51. Nxe5 Kb6 52. Nc4+ Kc6 53. Ne5+ Kb6 54. Kc4 a5 55. Nd7+ Kc6 56. Nc5 Na3+ 57. Kxd4 Nc2+ 58. Kc4 Ne1 59. e5 Nxf3 60. e6 Kd6 61. h3 Ne5+ 62. Kb5 Ke7 63. Kxa5 f3 64. Ne4 Nd3 65. Kb5 f2 66. Ng3 Kxe6 67. Kc4 Nf4 68. Nf1 Ke5 69. Kc3 Nxh3 70. Kd2 Kf4 71. Ne3 Kf3 72. Kd3 Nf4+ 73. Kd2 Nd5 74. Nf1 Nf6 0-1

[Event "Madrid-ch sf-A"]
[Site "Madrid"]
[Date "2009.01.13"]
[Round "2"]
[White "Fraga Castro, Jose Carlos"]
[Black "Tejedor Ariza, Francisco"]
[Result "1-0"]
[WhiteElo "2187"]
[BlackElo "2089"]
[PlyCount "93"]
[EventDate "2009.01.12"]
[EventType "swiss"]
[EventRounds "9"]
[EventCountry "ESP"]
[SourceTitle "CBM 128 Extra"]
[Source "ChessBase"]
[SourceDate "2009.03.05"]
[SourceVersion "2"]
[SourceVersionDate "2009.03.25"]
[SourceQuality "1"]

1. g3 d5 2. f4 g6 3. Bg2 Bg7 4. Nf3 Nf6 5. 0-0 0-0 6. d3 c5 7. c3 Nc6 8. Qc2 d4 9. Na3 Nd5 10. Bd2 Bg4 11. h3 Bxf3 12. Bxf3 e5 13. Qb3 Nde7 14. Nc4 Rb8 15. a4 Na5 16. Nxa5 Qxa5 17. Qb5 Qc7 18. cxd4 exf4 19. Qxc5 Qxc5 20. dxc5 fxg3 21. Bf4 Rbd8 22. Bxg3 Bxb2 23. Rab1 Bd4+ 24. Bf2 b6 25. cxb6 axb6 26. e3 Bg7 27. d4 Nc8 28. Rfc1 f5 29. Bb7 f4 30. e4 Bxd4 31. Bd5+ Rxd5 32. exd5 Bxf2+ 33. Kxf2 Rd8 34. Rd1 Rd6 35. Kf3 Kf7 36. Kxf4 Kf6 37. Ke4 Ne7 38. Rbc1 Kg5 39. Ke5 Nf5 40. Rc6 Rd8 41. Rxb6 Ne3 42. Rd4 Ra8 43. Re4 Nd1 44. Rg4+ Kh5 45. Rbb4 g5 46. Rbd4 Nf2 47. d6 1-0

[Event "Madrid-ch Previa-A"]
[Site "Madrid"]
[Date "2008.11.18"]
[Round "8"]
[White "Tejedor Ariza, Francisco"]
[Black "Andalon Gomez, Carlos Jesus"]
[Result "1-0"]
[WhiteElo "2031"]
[BlackElo "2012"]
[PlyCount "41"]
[EventDate "2008.11.03"]
[EventType "swiss"]
[EventRounds "9"]
[EventCountry "ESP"]
[SourceTitle "CBM 127 Extra"]
[Source "ChessBase"]
[SourceDate "2009.01.08"]
[SourceVersion "2"]
[SourceVersionDate "2009.01.28"]
[SourceQuality "1"]

1. e4 e6 2. d4 d5 3. Nc3 Bb4 4. e5 c5 5. a3 Bxc3+ 6. bxc3 Qc7 7. Nf3 Nc6 8. h4 Nge7 9. Bd3 cxd4 10. cxd4 Nxd4 11. Nxd4 Qc3+ 12. Qd2 Qxa1 13. c3 Bd7 14. Nb3 Qxc1+ 15. Nxc1 Rc8 16. Ne2 Nc6 17. Qg5 0-0 18. Rh3 h6 19. Qe3 f6 20. exf6 Rxf6 21. Rf3 1-0

[Event "Parla 25 Jubilee op"]
[Site "Parla"]
[Date "2008.09.12"]
[Round "7"]
[White "Tejedor Ariza, Francisco"]
[Black "Perez Gonzalez, Jose Manuel"]
[Result "0-1"]
[WhiteElo "2010"]
[BlackElo "2255"]
[PlyCount "116"]
[EventDate "2008.09.06"]
[EventType "swiss"]
[EventRounds "9"]
[EventCountry "ESP"]
[SourceTitle "CBM 126 Extra"]
[Source "ChessBase"]
[SourceDate "2008.11.05"]
[SourceVersion "1"]
[SourceVersionDate "2008.11.05"]
[SourceQuality "1"]

1. e4 c5 2. Nf3 d6 3. d4 cxd4 4. Nxd4 Nf6 5. Nc3 e6 6. Be3 Be7 7. f3 Nc6 8. Qd2 0-0 9. 0-0-0 a6 10. g4 Nd7 11. h4 Nde5 12. Nxc6 bxc6 13. Be2 Rb8 14. f4 Nd7 15. g5 Qa5 16. Bc4 d5 17. Bb3 Bb4 18. exd5 exd5 19. h5 Nc5 20. h6 Ne4 21. Qd4 Bxc3 22. bxc3 Qxc3 23. Qxc3 Nxc3 24. Rd3 Ne2+ 25. Kd2 Ng3 26. hxg7 Re8 27. Rh6 Be6 28. Ba7 Ne4+ 29. Kc1 Rbc8 30. Rd1 Kxg7 31. Ba4 Ng3 32. Bd4+ Kg8 33. Be5 Nf5 34. Rh2 Ne3 35. Rdh1 Bf5 36. Rh4 Ng4 37. c3 Nxe5 38. fxe5 Rxe5 39. Bc2 Bxc2 40. Kxc2 Rxg5 41. Rxh7 Rc7 42. Rh8+ Kg7 43. Ra8 Rg2+ 44. Kd3 Rxa2 45. Kd4 Re7 46. Kc5 Re6 47. Ra7 Ra5+ 48. Kd4 Ra4+ 49. Kd3 Rf4 50. Rxa6 Rf3+ 51. Kd2 Rg6 52. Rh2 Rfg3 53. Rh5 Rg2+ 54. Kc1 Rf2 55. Rh1 Rf3 56. Kc2 Rf2+ 57. Kd3 c5 58. Ra5 Rg3# 0-1

[Event "Collado Villalba op-A 25th"]
[Site "Collado Villalba"]
[Date "2008.08.30"]
[Round "9"]
[White "Tejedor Ariza, Francisco"]
[Black "Ponce Lopez, Miguel"]
[Result "0-1"]
[WhiteElo "2010"]
[BlackElo "2170"]
[PlyCount "82"]
[EventDate "2008.08.22"]
[EventType "swiss"]
[EventRounds "9"]
[EventCountry "ESP"]
[SourceTitle "EXT 2009"]
[Source "ChessBase"]
[SourceDate "2008.11.26"]
[SourceVersion "1"]
[SourceVersionDate "2008.11.26"]
[SourceQuality "1"]

1. e4 e5 2. Nf3 Nc6 3. Bb5 a6 4. Bxc6 dxc6 5. d4 exd4 6. Qxd4 Qxd4 7. Nxd4 c5 8. Ne2 Be6 9. Be3 0-0-0 10. Nd2 Nf6 11. f3 Be7 12. Nf4 Bd6 13. Nxe6 fxe6 14. 0-0-0 e5 15. Bg5 h6 16. Bxf6 gxf6 17. g4 h5 18. h3 Bf8 19. c4 Bh6 20. Kc2 Rd4 21. b3 Rhd8 22. Nb1 h4 23. Rxd4 cxd4 24. Kd3 c5 25. Na3 Kc7 26. Nc2 b5 27. Ne1 Kc6 28. Ng2 Bg5 29. Rf1 bxc4+ 30. Kxc4 d3 31. Kc3 d2 32. Kc2 Rd4 33. Kd1 c4 34. bxc4 Rxc4 35. Ke2 Rc1 36. Rd1 Rxd1 37. Kxd1 Kc5 38. f4 exf4 39. Kxd2 f3+ 40. Ne3 f2 41. Ke2 Bxe3 0-1

[Event "Collado Villalba op-A 25th"]
[Site "Collado Villalba"]
[Date "2008.08.22"]
[Round "1"]
[White "Tejedor Ariza, Francisco"]
[Black "Castellanos Rodriguez, Renier"]
[Result "0-1"]
[WhiteElo "2010"]
[BlackElo "2471"]
[PlyCount "82"]
[EventDate "2008.08.22"]
[EventType "swiss"]
[EventRounds "9"]
[EventCountry "ESP"]
[SourceTitle "CBM 126 Extra"]
[Source "ChessBase"]
[SourceDate "2008.11.05"]
[SourceVersion "1"]
[SourceVersionDate "2008.11.05"]
[SourceQuality "1"]

1. e4 c5 2. Nf3 e6 3. d4 cxd4 4. Nxd4 a6 5. Bd3 Bc5 6. Nb3 Be7 7. 0-0 d6 8. Nc3 Nf6 9. a4 b6 10. Be3 Nbd7 11. f4 Bb7 12. Qe2 0-0 13. g4 g6 14. Rad1 Re8 15. h3 Qc7 16. Qf2 Bf8 17. Qg3 Bg7 18. Rfe1 Rac8 19. Bf2 Nc5 20. Nd2 d5 21. e5 Nfe4 22. Ndxe4 Nxe4 23. Nxe4 dxe4 24. Bxe4 Bxe4 25. Rxe4 Qxc2 26. Qd3 Qxb2 27. Qxa6 Qb3 28. Rd3 Qb1+ 29. Re1 Qb4 30. Rf3 Rc3 31. Rxc3 Qxc3 32. Re3 Qc1+ 33. Qf1 Qc2 34. Qb5 Ra8 35. Qxb6 Rxa4 36. Rf3 Rxf4 37. Qd8+ Bf8 38. Rxf4 Qc1+ 39. Kg2 Qxf4 40. Bc5 Qe4+ 41. Kf1 Qc4+ 0-1

[Event "ESP-ch U16"]
[Site "Padron"]
[Date "2008.07.23"]
[Round "6"]
[White "Tejedor Ariza, Francisco"]
[Black "Senlle Caride, Miguel"]
[Result "0-1"]
[WhiteElo "2010"]
[BlackElo "2289"]
[PlyCount "80"]
[EventDate "2008.07.20"]
[EventType "swiss"]
[EventRounds "9"]
[EventCountry "ESP"]
[SourceTitle "EXT 2010"]
[Source "ChessBase"]
[SourceDate "2010.11.25"]
[SourceVersion "1"]
[SourceVersionDate "2010.11.25"]
[SourceQuality "1"]

1. e4 c5 2. Nf3 d6 3. d4 cxd4 4. Nxd4 Nf6 5. Bd3 Nc6 6. Nxc6 bxc6 7. 0-0 g6 8. c4 Bg7 9. Nc3 0-0 10. h3 Nd7 11. Be3 Qa5 12. Na4 Ba6 13. Rb1 c5 14. Bd2 Qd8 15. Be2 Ne5 16. Qc2 Nc6 17. Bc3 Nd4 18. Bxd4 Bxd4 19. b4 cxb4 20. Rxb4 Qa5 21. Rfb1 Qe5 22. Bd3 Bc8 23. Rb5 Qf6 24. c5 Bd7 25. c6 Rac8 26. c7 Bxb5 27. Rxb5 Bc5 28. Rb7 Qa1+ 29. Rb1 Qd4 30. Rb7 Qa1+ 31. Rb1 Qe5 32. Rb7 Bd4 33. Bb5 d5 34. Bd7 dxe4 35. Bxc8 e3 36. fxe3 Qxe3+ 37. Kf1 Rxc8 38. Nb2 Qg1+ 39. Ke2 Qxg2+ 40. Kd3 Qxb7 0-1

[Event "ESP-ch U16"]
[Site "Padron"]
[Date "2008.07.21"]
[Round "3"]
[White "Herrera Reyes, Jose Antonio"]
[Black "Tejedor Ariza, Francisco"]
[Result "1-0"]
[WhiteElo "2145"]
[BlackElo "2010"]
[PlyCount "71"]
[EventDate "2008.07.20"]
[EventType "swiss"]
[EventRounds "9"]
[EventCountry "ESP"]
[SourceTitle "EXT 2010"]
[Source "ChessBase"]
[SourceDate "2010.11.25"]
[SourceVersion "1"]
[SourceVersionDate "2010.11.25"]
[SourceQuality "1"]

1. e4 c5 2. Nf3 e6 3. c3 Nf6 4. e5 Nd5 5. d4 cxd4 6. cxd4 d6 7. a3 Bd7 8. Bd3 Bc6 9. 0-0 Nd7 10. b4 a6 11. exd6 Bxd6 12. Nbd2 Nf4 13. Nc4 Bc7 14. Bxf4 Bxf4 15. Nfe5 Nxe5 16. dxe5 Qg5 17. Nd6+ Ke7 18. Ne4 Bxe4 19. Bxe4 Bxh2+ 20. Kxh2 Qxe5+ 21. Kg1 Qxe4 22. Re1 Qf4 23. Qd5 Rhb8 24. g3 Qd6 25. Qh5 h6 26. Rad1 Qc6 27. Rc1 Qb6 28. Rc5 Rc8 29. Rf5 f6 30. Qg6 Rg8 31. Rc5 Rad8 32. Rec1 Rd2 33. Rc7+ Kd6 34. R1c5 Rd5 35. Qf7 Rd8 36. f4 1-0

[Event "ESP-ch U16"]
[Site "Padron"]
[Date "2008.07.20"]
[Round "2"]
[White "Tejedor Ariza, Francisco"]
[Black "Ausin Neira, David"]
[Result "1-0"]
[WhiteElo "2010"]
[BlackElo "1519"]
[PlyCount "89"]
[EventDate "2008.07.20"]
[EventType "swiss"]
[EventRounds "9"]
[EventCountry "ESP"]
[SourceTitle "EXT 2010"]
[Source "ChessBase"]
[SourceDate "2010.11.25"]
[SourceVersion "1"]
[SourceVersionDate "2010.11.25"]
[SourceQuality "1"]

1. e4 e6 2. d4 d5 3. Nc3 Nf6 4. Bg5 dxe4 5. Nxe4 Be7 6. Nxf6+ Bxf6 7. Bxf6 Qxf6 8. Nf3 0-0 9. Bd3 Nc6 10. 0-0 e5 11. dxe5 Nxe5 12. Nxe5 Qxe5 13. c3 Bf5 14. Re1 Qf6 15. Bxf5 Qxf5 16. Re7 Qc5 17. Qe2 Rad8 18. g3 g6 19. Re1 a6 20. Qe5 Qxe5 21. R1xe5 Rd2 22. b4 Rc8 23. a4 Kf8 24. a5 Rc2 25. Rd7 Rxc3 26. Ree7 Rc4 27. Rxf7+ Ke8 28. Rde7+ Kd8 29. Rxh7 Rxb4 30. Reg7 Re4 31. Rxg6 c5 32. Rg8+ Re8 33. Rgg7 Re6 34. Rd7+ Ke8 35. Rxb7 Rf6 36. Rh8+ Rf8 37. Rxf8+ Kxf8 38. Kf1 Rc6 39. Rb6 Rc7 40. Rxa6 Ke7 41. Rb6 Ra7 42. a6 Kd7 43. Rb7+ Rxb7 44. axb7 Kc7 45. h4 1-0

[Event "Madrid-ch sf-B"]
[Site "Madrid"]
[Date "2008.01.26"]
[Round "7"]
[White "Solaesa Navalpotro, Luis Julio"]
[Black "Tejedor Ariza, Francisco"]
[Result "1-0"]
[WhiteElo "2223"]
[BlackElo "2018"]
[PlyCount "69"]
[EventDate "2008.01.10"]
[EventType "swiss"]
[EventRounds "9"]
[EventCountry "ESP"]
[SourceTitle "EXT 2010"]
[Source "ChessBase"]
[SourceDate "2010.11.25"]
[SourceVersion "1"]
[SourceVersionDate "2010.11.25"]
[SourceQuality "1"]

1. d4 d5 2. c4 e6 3. Nc3 Nf6 4. Bg5 Be7 5. cxd5 exd5 6. e3 c6 7. Bd3 Nbd7 8. Nge2 0-0 9. Qc2 Re8 10. 0-0-0 Ne4 11. Bxe4 dxe4 12. Bf4 f5 13. Nd5 Nf8 14. Nc7 Be6 15. Nxa8 Qxa8 16. Kb1 Nd7 17. Nc3 Nf6 18. f3 Kh8 19. fxe4 fxe4 20. h3 b5 21. g4 Bb4 22. Be5 Bxc3 23. Bxf6 gxf6 24. Qxc3 Bd5 25. Rhf1 Kg7 26. Rf4 a5 27. Rdf1 Re6 28. h4 b4 29. Qd2 Bc4 30. Rc1 Bd5 31. Qe2 a4 32. Rc5 h6 33. Rf5 Kg6 34. Qf1 Qa7 35. Rfxd5 1-0